书目信息 |
| 题名: |
中国后妃
|
|
| 作者: | 尚圣德 , 尚琳 , 乔力 编著 | |
| 分册: | ||
| 出版信息: | 北京 华文出版社 2007 |
|
| 页数: | 300页 | |
| 开本: | 24cm | |
| 丛书名: | 中国历史人物丛书 | |
| 单 册: | ||
| 中图分类: | K828.5=2 | |
| 科图分类: | ||
| 主题词: | 后妃--hou fei--列传--中国--古代 | |
| 电子资源: | ||
| ISBN: | 978-7-5075-2104-7 | |
| 000 | 00941nam 2200277 450 | |
| 001 | 357195 | |
| 005 | 20070428083852.0 | |
| 010 | @a978-7-5075-2104-7@b精装@dCNY48.00 | |
| 100 | @a20070228d2007 em y0chiy50 ea | |
| 101 | 0 | @achi |
| 102 | @aCN@b110000 | |
| 105 | @aac z 000yc | |
| 106 | @ar | |
| 200 | 1 | @a中国后妃@Azhong guo hou fei@f尚圣德, 尚琳, 乔力编著 |
| 210 | @a北京@c华文出版社@d2007 | |
| 215 | @a300页@c肖像, 图@d24cm | |
| 225 | 2 | @a中国历史人物丛书@Azhong guo li shi ren wu cong shu |
| 330 | @a在中国数千年的封建社会中,后妃是一个特殊的群体和阶层,本书介绍了自秦代以来到清朝中国历史上各朝代中王后、皇后及嫔妃588人。 | |
| 410 | 0 | @12001 @a中国历史人物丛书 |
| 606 | 0 | @a后妃@Ahou fei@x列传@y中国@z古代 |
| 690 | @aK828.5=2@v4 | |
| 701 | 0 | @a尚圣德@Ashang sheng de,@f1937- @4编著 |
| 701 | 0 | @a尚琳@Ashang lin@4编著 |
| 701 | 0 | @a乔力@Aqiao li@4编著 |
| 801 | 0 | @aCN@b@c20070228 |
| 905 | @b673761-3@dK828.5=2@eS312@f3 | |
| 中国后妃/尚圣德, 尚琳, 乔力编著.-北京:华文出版社,2007 |
| 300页:肖像, 图;24cm.-(中国历史人物丛书) |
| ISBN 978-7-5075-2104-7(精装):CNY48.00 |
| 在中国数千年的封建社会中,后妃是一个特殊的群体和阶层,本书介绍了自秦代以来到清朝中国历史上各朝代中王后、皇后及嫔妃588人。 |
| ● |
| 相关链接 |
|
|
|
正题名:中国后妃
索取号:K828.5=2/S312
 
预约/预借
| 序号 | 登录号 | 条形码 | 馆藏地/架位号 | 状态 | 备注 |
| 1 | 673761 | 206737619 | 社科库309/309社科库 60排3列3层/ [索取号:K828.5=2/S312] | 在馆 | |
| 2 | 673762 | 206737628 | 社科库309/309社科库 60排3列3层/ [索取号:K828.5=2/S312] | 在馆 | |
| 3 | 673763 | 206737637 | 社科库309/309社科库 60排3列3层/ [索取号:K828.5=2/S312] | 在馆 |